Every Hell's Kitchen Contestant - Statistics

General Stats
  • This quiz has been taken 64 times
  • The average score is 46 of 324
Answer Stats
Hint Answer % Correct
Season 1 Michael Wray
51%
Season 10 Christina Wilson
49%
Season 6 Dave Levey
39%
Season 1 Jeffery Dewberry
39%
Season 7 Jason Ellis
37%
Season 7 Jay Santos
37%
Season 4 Louis Petrozza
37%
Season 3 Rock Harper
37%
Season 16 Kimberly-Ann Ryan
34%
Season 2 Rachel Brown
34%
Season 13 Sterling Wright
34%
Season 2 Heather West
32%
Season 20 Matthew Francis Johnson
32%
Season 1 Ralph Pagano
32%
Season 8 Russell Kook II
32%
Season 10 Tiffany Johnson
32%
Season 7 Benjamin Knack
29%
Season 13 Brian Santos
29%
Season 5 Carol Scott
29%
Season 5 Danny Veltri
29%
Season 11 Dan Ryan
29%
Season 16 Heather Williams
29%
Season 14 Meghan Gill
29%
Season 12 Ralph Johnson
29%
Season 15 Ariel Malone
27%
Season 4 Christina Machamer
27%
Season 1 Elsie Ramos
27%
Season 3 Julia Williams
27%
Season 6 Kevin Cottle
27%
Season 6 Lovely Jackson
27%
Season 20 Megan Gill
27%
Season 9 Paul Niedermann
27%
Season 12 Scott Commings
27%
Season 19 Syann Williams
27%
Season 8 Trev McGrath
27%
Season 1 Wendy Liu
27%
Season 6 Ariel Contreras-Fox
24%
Season 7 Holli Ugalde
24%
Season 1 Jeff LaPoff
24%
Season 4 Jen Gavin
24%
Season 8 Nona Sivley
24%
Season 5 Robert Hesse
24%
Season 1 Jessica Cabo
22%
Season 11 Jon Scallion
22%
Season 12 Michael DeMarco
22%
Season 10 Robyn Almodovar
22%
Season 8 Sabrina Brimhall
22%
Season 21 Alex Belew
20%
Season 7 Autumn Lewis
20%
Season 5 Ben Walanka
20%
Season 5 Colleen Cleek
20%
Season 9 Elise Wims
20%
Season 11 Ja'Nel Witt
20%
Season 9 Jason Zepaltas
20%
Season 20 Jayaun Smith
20%
Season 5 Ji-Hyun Cha
20%
Season 8 Jillian Flathers
20%
Season 2 Keith Greene
20%
Season 5 Lacey D'Angelo
20%
Season 8 Lewis Curtis
20%
Season 8 Melissa Doney
20%
Season 12 Michael Gabriel
20%
Season 11 Nedra Harris
20%
Season 8 Raj Brandston
20%
Season 2 Sara Horowitz
20%
Season 10 Tavon Hubbard
20%
Season 6 Tennille Middleton
20%
Season 2 Tom Pauley
20%
Season 20 Trenton Garvey
20%
Season 6 Van Hurd
20%
Season 1 Andrew Bonito
17%
Season 6 Andy Husbands
17%
Season 4 Ben Caylor
17%
Season 3 Bonnie Muirhead
17%
Season 1 Carolann Valentino
17%
Season 9 Chino Chang
17%
Season 10 Clemenza Caserta
17%
Season 19 Declan Horgan
17%
Season 2 Garrett Telle
17%
Season 5 Giovanni Fillippone
17%
Season 4 Jason Underwood
17%
Season 11 Jessica Lewis
17%
Season 1 Jimmy Casey
17%
Season 5 J Maxwell
17%
Season 10 Justin Antiorio
17%
Season 10 Kimmie Willis
17%
Season 19 Kori Sutton
17%
Season 2 Larry Sik
17%
Season 2 Maribel Miller
17%
Season 1 Mary Ellen Daniels
17%
Season 19 Mary Lou Davis
17%
Season 14 Michelle Tribble
17%
Season 14 Mieka Houser Harris
17%
Season 7 Salvatore Coppola
17%
Season 2 Virginia Dalbeck
17%
Season 5 Wil Kocol
17%
Season 9 Will Lustberg
17%
Season 3 Aaron Song
15%
Season 21 Abe Sanchez
15%
Season 6 Amanda Davenport
15%
Season 7 Andrew Forster
15%
Season 16 Andrew Pearce
15%
Season 11 Anthony Rodriguez
15%
Season 8 Antonia Boregman
15%
Season 4 Bobby Anderson
15%
Season 3 Brad Miller
15%
Season 14 Bret Hauser
15%
Season 10 Brian Merel
15%
Season 5 Charlie McKay
15%
Season 18 Chris Motto
15%
Season 1 Chris North
15%
Season 4 Corey Earling
15%
Season 10 Dana Cohen
15%
Season 10 Don Savage
15%
Season 19 Elliott Sanchez
15%
Season 8 Emily Kutchins
15%
Season 13 Fernando Cruz
15%
Season 8 Gail Novenario
15%
Season 3 Joanna Dunn
15%
Season 6 Joseph Tinnelly
15%
Season 9 Krupa Patel
15%
Season 13 La Tasha McCutchen
15%
Season 6 Louie Cordio
15%
Season 4 Louross Edralin
15%
Season 7 Maria Torrisi
15%
Season 11 Mary Poehnelt
15%
Season 4 Matt Sigel
15%
Season 15 Meese Davis
15%
Season 6 Melinda Meaney
15%
Season 3 Melissa Firpo
15%
Season 9 Monterray Keys
15%
Season 7 Nilka Hendricks
15%
Season 5 Paula DaSilva
15%
Season 2 Polly Holladay
15%
Season 14 Randy Bell
15%
Season 11 Ray Alongi
15%
Season 13 Roe DiLeo
15%
Season 4 Rosann Fama
15%
Season 5 Seth Levine
15%
Season 4 Sharon Stewart
15%
Season 7 Siobhan Allgood
15%
Season 6 Suzanne Schlicht
15%
Season 6 Tek Moore
15%
Season 14 T Gregoire
15%
Season 9 Tommy Stevens
15%
Season 6 Tony D'Alessandro
15%
Season 3 Vinnie Fama
15%
Season 19 Adam Pawlak
12%
Season 19 Amber Lancaster
12%
Season 5 Andrea Heinly
12%
Season 13 Ashley Sherman
12%
Season 16 Aziza Young
12%
Season 10 Barbie Marshall
12%
Season 8 Boris Poleschuk
12%
Season 10 Briana Swanson
12%
Season 9 Carrie Keep
12%
Season 21 Charlene Sherman
12%
Season 4 Craig Schneider
12%
Season 4 Dominic DiFrancesco
12%
Season 7 Ed Battaglia
12%
Season 3 Eddie Langley
12%
Season 9 Elizabeth Bianchi
12%
Season 19 Fabiola Fuentes
12%
Season 15 Frank Cala
12%
Season 7 Fran Klier
12%
Season 2 Giacomo Alfieri
12%
Season 11 Gina Aloise
12%
Season 9 Jennifer Normant
12%
Season 3 Jen Yemola
12%
Season 11 Jeremy Madden
12%
Season 12 Jessica Vogel
12%
Season 6 Jim McGloin
12%
Season 9 Jonathan Plumley
12%
Season 3 Josh Wahler
12%
Season 12 Joy Parham-Thomas
12%
Season 20 Keanu Hogan
12%
Season 19 Kenneth McDuffie
12%
Season 8 Louis Repucci
12%
Season 15 Manda Palomino
12%
Season 16 Matt Hearn
12%
Season 18 Mia Castro
12%
Season 9 Natalie Blake
12%
Season 14 Nick Peters Bond
12%
Season 8 Rob McCue
12%
Season 6 Sabrina Gresset
12%
Season 12 Sandra Flores
12%
Season 18 Scotley Innis
12%
Season 7 Scott Hawley
12%
Season 11 Sebastian Royo
12%
Season 4 Shayna Zadok
12%
Season 4 Vanessa Gunnell
12%
Season 8 Vinny Accardi
12%
Season 11 Zach Womack
12%
Season 14 Adam Livow
10%
Season 15 Alan Parker
10%
Season 21 Alejandro Najar
10%
Season 12 Anton Testino
10%
Season 15 Ashley Nickell
10%
Season 20 Ava Harren
10%
Season 21 Cheyenne Nichols
10%
Season 14 Christine Hazel
10%
Season 11 Cyndi Stanimirov
10%
Season 21 Dafne Mejia
10%
Season 10 Danielle Rimmer
10%
Season 19 Drew Tingley
10%
Season 20 Emily Hersh
10%
Season 2 Gabe Gagliardi
10%
Season 12 Gaurav Navin
10%
Season 16 Gia Young
10%
Season 9 Gina Melcher
10%
Season 16 Heidi Parent
10%
Season 15 Jackie Fuchs
10%
Season 15 Jared Bobkin
10%
Season 14 Josh Trovato
10%
Season 13 JR Robinson
10%
Season 18 Kanae Houston
10%
Season 15 Kevin Ridlon
10%
Season 16 Kimberly Roth
10%
Season 20 Kiya Willhelm
10%
Season 15 Kristin Barone
10%
Season 5 LA Limtiaco
10%
Season 19 Lauren Lawless
10%
Season 8 Lisa LaFranca
10%
Season 19 Marc Quinones
10%
Season 15 Mark Paras
10%
Season 12 Melanie Finch
10%
Season 11 Michael Langdon
10%
Season 12 Mike Aresta
10%
Season 7 Mikey Termini
10%
Season 14 Milly Medley
10%
Season 14 Monique Booker
10%
Season 21 Nicole Gomez
10%
Season 12 Nicole Rutz
10%
Season 19 Nikki Hanna
10%
Season 10 Patrick Cassata
10%
Season 16 Paulie Giganti Jr
10%
Season 20 Payton Cooper
10%
Season 19 Peter Martinez
10%
Season 12 Richard Mancini
10%
Season 12 Rochelle Bergman
10%
Season 10 Royce Wagner
10%
Season 13 Sade Dancy
10%
Season 20 Steve Glenn
10%
Season 3 Tiffany Nagel
10%
Season 16 Aaron Smock
7%
Season 14 Alison Rivera
7%
Season 21 Alyssa Osinga
7%
Season 9 Amanda Colello
7%
Season 20 Antonio Ruiz
7%
Season 11 Barret Beyer
7%
Season 12 Beth Taylor
7%
Season 9 Brendan Heavey
7%
Season 14 Brendan Pelley
7%
Season 21 Brett Binninger-Schwartz
7%
Season 19 Brittani Ratcliff
7%
Season 20 Brynn Gibson
7%
Season 10 Chris Carrero
7%
Season 11 Christian Rosati
7%
Season 19 Cody Candelario
7%
Season 5 Coi Burruss
7%
Season 16 Devin Simpson
7%
Season 18 Gizzy Barton
7%
Season 10 Guy Vaknin
7%
Season 15 Hassan Musselmani
7%
Season 21 Ileana D'Silva
7%
Season 11 Jacqueline Baldassari
7%
Season 7 Jamie Bisoulis
7%
Season 9 Jamie Gregorich
7%
Season 13 Janai Simpson
7%
Season 13 Jennifer Salhoff
7%
Season 15 Joe Ricci
7%
Season 16 Johnny McDevitt
7%
Season 19 Jordan Savell
7%
Season 18 Jose DeJesus
7%
Season 19 Josh Oakley
7%
Season 12 Kashia Zollicoffer
7%
Season 13 Katie McKeown
7%
Season 16 Koop Wynkoop
7%
Season 21 Mindy Livengood
7%
Season 21 O'Shay Lolley
7%
Season 16 Pat Tortorello
7%
Season 10 Roshni Gurnani
7%
Season 21 Sakari Smithwick
7%
Season 14 Sarah Baumert
7%
Season 21 Sommer Sellers
7%
Season 7 Stacey Slichta
7%
Season 9 Steven Paluba
7%
Season 11 Susan Heaton Fierro
7%
Season 21 Tara Ciannella
7%
Season 20 Victoria Sonora
7%
Season 16 Wendy Mendez
7%
Season 13 Aaron Lhamon
5%
Season 20 Alex Lenik
5%
Season 12 Bev Lazo-Gonzalez
5%
Season 21 Billy Trudsoe
5%
Season 13 Bryant Gallaher
5%
Season 14 Cameron Spagnolo
5%
Season 15 Chad Gelso
5%
Season 12 Chris Eversole
5%
Season 18 Chris Mendonca
5%
Season 15 Dannie Harrison
5%
Season 13 Denine Giordano
5%
Season 15 Eddie Jaskowiak
5%
Season 13 Frank Bilotti
5%
Season 16 Genaro Delillo
5%
Season 16 Jessica Boynton
5%
Season 20 Josie Clemens
5%
Season 13 Kalen Morgenstern
5%
Season 20 Kevin Argueta
5%
Season 14 Michael Dussault
5%
Season 20 Morgana Vesey
5%
Season 20 Sam Garman
5%
Season 18 Scott Popovic
5%
Season 16 Shaina Hayden
5%
Season 15 Sherkenna Buggs
5%
Season 12 Simone Hammond
5%
Season 13 Steve Rosenthal
5%
Season 15 Vanessa Soltero
5%
Season 21 Vlad Briantsev
5%
Season 21 Zeus Gordiany
5%
Season 11 Amanda Gilbin
2%
Season 14 Chrissa Schmeler
2%
Season 11 Danielle Bloom
2%
Season 13 JP DeDemonicis
2%
No matching quizzes found
Score Distribution
Percent of People with Each Score
Percentile by Number Answered
Your Score History
You have not taken this quiz